000 00953nam a2200205 u 4500
001 000242448
003 AM-YeHGA
005 20250617124815.0
008 030702s1950 ai r 000 0 arm d
040 _aAM-YeHGA
100 1 _aՌոմանով, Ի.
245 1 0 _aՊարզագույն շարժիչներ ծովային մոդելների համար /
_cԻ. Ռոմանով; Թարգմ.՝ Ս. Հակոբյան; Ռազմա - ծով. նավատորմին աջակցող համամիութեն. կամավոր ընկ.
260 _aԵրևան :
_bՀայպետհրատ,
_c1950.
300 _a38 էջ :
_bնկ., աղս. ;
_c20 սմ.
440 0 _aՊատանի կոնստրուկտորի գրադարան
650 1 4 _aՄոդելներ
700 1 _aՀակոբյան, Ս.
_eթարգմ.
_4trl
710 2 _aՌազմա - ծովային նավատորմին աջակցող համամիութենական կամավոր ընկերություն
090 _c87257
999 _c85978
_d85978